000 00851nam a2200277Ia 4500
001 Para_9761
003 CHAP
008 220125s2003 xx 000 0 und d
010 _a198597
020 _a84-8748-052-7
040 _cCHAP
082 _aPA 631.583 I56
245 _aInnovaciones tecnológicas en cultivos de invernadero /
_c coordinador de la obra Eduardo J. Fernández Rodríguez
260 _aMadrid :
_b Ediciones Agrotécnicas
300 _a274 p
500 _aIncluye referencias bibliográficas
650 _aInvernaderos
_x Innovaciones tecnológicas
_9163857
700 _aFernández Rodríguez, Eduardo J., Coord.
_9163858
901 _aPA 631.583 I56
902 _aM
905 _a5232202003 dmn 8000000000 06
910 _a2003
942 _cPARA
942 _cPARA
_d1
999 _c198597
_d198597